000 00645nam a2200253Ia 4500
003 OSt
005 20220918194802.0
006 a|||||r|||| 00| 0
007 ta
008 220917b |||||||| |||| 00| 0 eng d
024 _a81,593
037 _cTextual
040 _aARTS
_cARTS
_beng
041 _2eng
_aeng
082 _aS:86, L92
100 _aNay W Robert
_987075
245 0 _aMultimethod clinical assessment
260 _aNew York
_bGardner Press
_c1979
300 _axiv,363p.
_ccm.
500 _aBib 334-52p
650 _aPSYCHOLOGY
942 _hS:86, L92
_cTEXL
_2CC
999 _c205315
_d205315